|
|
|
|
| LEADER |
00000nam0a2200000 4500 |
| 001 |
250738 |
| 005 |
20231101232606.0 |
| 020 |
|
|
|a RU
|b 89-12633
|
| 035 |
|
|
|a (RuTPU)RU\TPU\book\272961
|
| 090 |
|
|
|a 250738
|
| 100 |
|
|
|a 20140217d1989 k a0rusy5003 ca
|
| 101 |
0 |
|
|a rus
|
| 102 |
|
|
|a RU
|
| 105 |
|
|
|a a z 001zy
|
| 200 |
1 |
|
|a Проблемы развития системы непрерывного образования в энергетике, энергостроительстве и смежных отраслях народного хозяйства
|f Всесоюзный институт повышения квалификации руководящих и инженерно-технических работников в области стандартизации, качества продукции и метрологии (ВИСМ) ; под ред. Х. А. Бекова
|
| 210 |
|
|
|a Москва
|c Изд-во ВИПКэнерго
|d 1989
|
| 215 |
|
|
|a 155 с.
|c ил.
|
| 320 |
|
|
|a Библиогр. в конце докл.
|
| 606 |
1 |
|
|a Энергетика
|2 stltpush
|3 (RuTPU)RU\TPU\subj\21200
|9 46224
|
| 610 |
1 |
|
|a кадры
|
| 610 |
1 |
|
|a энергетическое строительство
|
| 610 |
1 |
|
|a подготовка
|
| 610 |
1 |
|
|a народное хозяйство
|
| 610 |
1 |
|
|a руководители
|
| 610 |
1 |
|
|a переподготовка
|
| 610 |
1 |
|
|a хозрасчет
|
| 610 |
1 |
|
|a управленческая деятельность
|
| 610 |
1 |
|
|a правовые вопросы
|
| 675 |
|
|
|a 620.9
|z rus
|
| 702 |
|
1 |
|a Беков
|b Х. А.
|4 340
|
| 712 |
0 |
2 |
|a Всесоюзный институт повышения квалификации руководящих и инженерно-технических работников в области стандартизации, качества продукции и метрологии (ВИСМ)
|c (Москва)
|c (1968-1992)
|2 stltpush
|3 (RuTPU)RU\TPU\col\9568
|
| 801 |
|
0 |
|a RU
|b RuMRKP
|c 19960705
|g psbo
|
| 801 |
|
1 |
|a RU
|b 63413507
|c 20140217
|
| 801 |
|
2 |
|a RU
|b 63413507
|c 20140225
|g RCR
|
| 942 |
|
|
|c BK
|